书目信息 |
| 题名: |
富兰克林自传
|
|
| 作者: | 富兰克林, , 富兰克林 著 ;刘超 译 | |
| 分册: | ||
| 出版信息: | 北京 中国妇女出版社 2004 |
|
| 页数: | 218页 | |
| 开本: | 23cm | |
| 丛书名: | ||
| 单 册: | ||
| 中图分类: | K837.127-4 | |
| 科图分类: | ||
| 主题词: | 政治家--zheng zhi jia--自传--美国--近代 , 历史 , 科学家--ke xue jia--自传--美国--近代 , 地理 | |
| 电子资源: | ||
| ISBN: | 7-80203-039-0 | |
| 000 | 01041nam0 2200289 450 | |
| 001 | CAL 012004127551 | |
| 005 | 20061123160837.73 | |
| 010 | @a7-80203-039-0@dCNY 25.00 | |
| 099 | @aCAL 012004127551 | |
| 100 | @a20041123d2004 em y0chiy0121 ea | |
| 101 | 1 | @achi@ceng |
| 102 | @aCN@b110000 | |
| 200 | 1 | @a富兰克林自传@Afu lan ke lin zi zhuan@d= The autobiography of Benjamin Franklin@f(美)富兰克林著@F(mei)fu lan ke lin zhu@g刘超译@zeng |
| 210 | @a北京@c中国妇女出版社@d2004 | |
| 215 | @a218页@c图@d23cm | |
| 510 | 1 | @aautobiography of Benjamin Franklin@zeng |
| 600 | 1 | @a富兰克林,@Afu lan ke lin ,@bB.@g(Franklin, Banjamin)@f1706-1790@x自传 |
| 606 | 0 | @a政治家@Azheng zhi jia@x自传@y美国@z近代 |
| 606 | 0 | @a历史 |
| 606 | 0 | @a科学家@Ake xue jia@x自传@y美国@z近代 |
| 606 | 0 | @a地理 |
| 690 | @aK837.127-4@v4 | |
| 701 | 1 | @a富兰克林,@Afu lan ke lin@bB.@g(Franklin, Banjamin),@f1706-1790@4著 |
| 701 | 0 | @a富兰克林@Afu lan ke lin@4著 |
| 702 | 0 | @a刘超@Aliu chao@4译 |
| 801 | @aCN@c20061123 | |
| 905 | @a10447@dK837.127-4@eF992 | |
| 富兰克林自传= The autobiography of Benjamin Franklin/(美)富兰克林著/刘超译.-北京:中国妇女出版社,2004 |
| 218页:图;23cm |
| ISBN 7-80203-039-0:CNY 25.00 |
| ● |
| 相关链接 |
|
|
|
正题名:富兰克林自传
索取号:K837.127-4/F992
 
预约/预借
| 序号 | 登录号 | 条形码 | 馆藏地/架位号 | 状态 | 备注 |
| 1 | 615812 | 206158129 | 社科库309/ [索取号:K837.127-4/F992] | 在馆 |